000 00661nam a22002291a 4500
001 22538
003 CZ PrNK
005 20260331160958.0
008 050121s1980 xo slo
040 _aABA001
_bcze
_cABA001
_dABA001
041 1 _aslo
_hcze
100 1 _aStuchl, Vladimír,
_d1922-1990
_4aut
245 1 0 _aPrériou cvála kôň /
_cVladimír Stuchl ; Il. Luděk Maňásek
250 _a1. vyd.
260 _aBratislava :
_bMladé letá,
_c1980
300 _a251 s. ;
_c
490 1 _aKlub mladých čitateľov
500 _aPre čitateľov od 13. rokov
830 0 _aKlub mladých čitateľov
910 _aABA001
942 _2ddc
_cKLDO
_n0
999 _c22538
_d22538